00449nam a2200169Ia 4500003000400000008004100004040001600045082001600061100001500077245005800092260005400150300001000204650001400214650002000228650001000248650002100258GCL140319s9999 xx 000 0 eng d aGCL / cGCL04a307.76bK U1 aKNOX, PAUL10aURBAN SOCIAL GEOGRAPHY AN INTRODUCTION / cKNOX, PAUL a[S.N] : bLONGMAN SCIENTIFE & TECHNICAL ، c1994 a350 P04aSOCIOLOGY04aHUMAN GEOGRAPHY04aURBAN04aCITIES AND TOWNS